00547nam a2200169Ia 4500008004100000020001500041041001200056082001600068100001400084245003900098260002500137300000600162650002100168942000700189999001500196952016600211221030s9999 xx 000 0 und d a0074624008 aEnglish a105.23bSen aP. C. Sen 0aPower Electronics ( DEPARTMENTAL ) bTMHaNew Delhic1997 a0 aECE Departmental cBK c1096d1096 pBE 866g215.00l0o105.23 Senr2022-10-30 00:00:00w2022-10-30yBK003Print4071aMIETLIBbMIETLIBcBL-Departmental, FL-1, CUP-75, SH-3, R-3d2000-02-0110HBE